LEADER 01710nas 2200541-a 450 001 996398441403316 005 20240113213019.0 011 $a2054-1694 035 $a(DE-599)ZDB2014350-3 035 $a(OCoLC)38853405 035 $a(CKB)958480244438 035 $a(CONSER)sn-98034265- 035 $a(EXLCZ)99958480244438 100 $a19980326b19932015 s-- a 101 0 $aeng 135 $aurunu|||||||| 181 $ctxt$2rdacontent 182 $cc$2rdamedia 183 $acr$2rdacarrier 200 10$aOCLC systems and services 210 $aBradford, West Yorkshire, England $cEMERALD 311 $a1065-075X 330 $aContains full-text articles, 1994- ; abstracts only, 1989-1993. 531 $aOCLC Systems & Services 606 $aMicrocomputers$vPeriodicals 606 $aLibraries$xAutomation$vPeriodicals 606 $aPublications périodiques$2eclas 606 $aAutomatisation des bibliothèques$2eclas 606 $aBibliothéconomie$2eclas 606 $aCatalogues de bibliothèque$2eclas 606 $aLibraries$xAutomation$2fast$3(OCoLC)fst00997347 606 $aMicrocomputers$2fast$3(OCoLC)fst01019642 608 $aPeriodicals.$2fast 610 1 $aLibraries$aOn-line computers 615 0$aMicrocomputers 615 0$aLibraries$xAutomation 615 7$aPublications périodiques. 615 7$aAutomatisation des bibliothèques. 615 7$aBibliothéconomie. 615 7$aCatalogues de bibliothèque. 615 7$aLibraries$xAutomation. 615 7$aMicrocomputers. 676 $a025.0028 712 02$aOCLC. 906 $aJOURNAL 912 $a996398441403316 996 $aOCLC systems and services$91758988 997 $aUNISA LEADER 00796nam a2200205 i 4500 001 991004300734607536 005 20240418110515.0 008 231219s2014 it r 00| 0 ita d 020 $a9788849005028 040 $aBibl. Dip.le Aggr. Scienze Giuridiche - Sez. Centro Studi sul Rischio$bita 082 04$a362.10285$223 100 1 $aMoruzzi, Mauro$0474337 245 13$aLa sanità dematerializzata e il fascicolo sanitario elettronico :$bil nuovo welfare a bassa burocrazia /$cMauro Moruzzi 264 1$aRoma :$bIl pensiero scientifico,$c2014 300 $aXII, 259 p. ;$c21 cm 490 0 $aSpazi 650 4$aServizi sanitari$xSistemi informativi$xAutomazione 912 $a991004300734607536 996 $aSanità dematerializzata e il fascicolo sanitario elettronico$93655196 997 $aUNISALENTO